| 000 | 01532nam a2200397 c 4500 | ||
|---|---|---|---|
| 003 | BLK | ||
| 005 | 20241206143522.0 | ||
| 008 | 180409b bul|||||r ||||||| ||bul|| | ||
| 010 | _aKNG00106282000 | ||
| 020 |
_a978-954-527-491-6 _bиздат.: Дамян Яков |
||
| 040 | _aBLK | ||
| 041 |
_aBUL _cBUL |
||
| 072 | 7 |
_2bullib _aН85 _xДетска художествена литература Н |
|
| 080 |
_aФинландска литература _b821.511.111 _x-93-31 _z821.511.111-93-31 |
||
| 100 | 1 |
_aЯнсон, Туве _eпърви автор _9365645 |
|
| 700 | 1 |
_aЯнсон, Туве _eил. _9365645 |
|
| 700 | 1 |
_aПетров, Пламен _eпрев. _9365416 |
|
| 139 |
_aЯнсон, Туве _bЯ 67 |
||
| 245 | 1 | 0 |
_aМемоарите на татко Мумин _cТуве Янсон; ил. Туве Янсон; прев. Пламен Петров. |
| 250 | _a2. изд. | ||
| 257 | _aFIN | ||
| 260 |
_аСофия _bДамян Яков _c2010 _fСофия : печ. Вулкан |
||
| 300 |
_a168 с. _bс ил. _c22 см |
||
| 380 | _aDX | ||
| 500 | _aОриг. загл. Muminpappans Memoarer / Tove Jansson. | ||
| 653 | _aромани | ||
| 653 | _aлитература за деца | ||
| 653 | _aдетска литература | ||
| 659 | _aН | ||
| 852 | _aЦб 255061 | ||
| 856 | 4 |
_qpdf _u |
|
| 856 | 4 |
_qpdf _u |
|
| 942 |
_cKNG _n0 _01 |
||
| 944 |
_aCR _c16.05.2012 _lГрета Цуфелде _k30537 |
||
| 944 |
_aED _c16.12.2016 _lф / _kВиолета_Тройчева |
||
| 999 |
_c101239 _d101239 |
||